Biblioteca y Centro de Documentación

La ejecución en los procesos de despido colectivos. Especial referencia a las sentencias de naturaleza colectiva (Registro nro. 49400)

Detalles MARC
000 -CABECERA
Longitud fija campo de control 01034naa a2200253 c 4500
001 - NÚMERO DE CONTROL
Número de control 49400
003 - IDENTIFICADOR DE NÚMERO DE CONTROL
Identificador del número de control ES-MaCES
005 - FECHA Y HORA DE LA ÚLTIMA TRANSACCIÓN
Fecha y hora de la última transacción 20170510133714.0
008 - CAMPO FIJO DE DESCRIPCIÓN FIJA--INFORMACIÓN GENERAL
Códigos de información de longitud fija   170510s2017 sp ||||| t||||||| ||spa d
040 ## - FUENTE DE CATALOGACIÓN
Centro catalogador de origen ES-MaCES
Lengua de catalogación spa
Centro transcriptor ES-MaCES
Centro modificado ES-MaCES
100 1# - ENCABEZAMIENTO PRINCIPAL--NOMBRE PERSONAL
9 (RLIN) 11832
Nombre de persona Fernández Docampo, Belén
245 13 - MENCIÓN DE TÍTULO
Título La ejecución en los procesos de despido colectivos. Especial referencia a las sentencias de naturaleza colectiva
Mención de responsabilidad, etc. Belén Fernández Docampo
500 ## - NOTA GENERAL
Nota general Resumen
650 #4 - ASIENTO SECUNDARIO DE MATERIA--TÉRMINO DE MATERIA
9 (RLIN) 28359
Término de materia o nombre geográfico como elemento inicial despido colectivo
650 #4 - ASIENTO SECUNDARIO DE MATERIA--TÉRMINO DE MATERIA
9 (RLIN) 30703
Término de materia o nombre geográfico como elemento inicial suspensión del contrato de trabajo
650 #4 - ASIENTO SECUNDARIO DE MATERIA--TÉRMINO DE MATERIA
9 (RLIN) 28367
Término de materia o nombre geográfico como elemento inicial conflicto de trabajo
650 #4 - ASIENTO SECUNDARIO DE MATERIA--TÉRMINO DE MATERIA
9 (RLIN) 27165
Término de materia o nombre geográfico como elemento inicial derecho del trabajo
650 #4 - ASIENTO SECUNDARIO DE MATERIA--TÉRMINO DE MATERIA
9 (RLIN) 27166
Término de materia o nombre geográfico como elemento inicial legislación del trabajo
650 #4 - ASIENTO SECUNDARIO DE MATERIA--TÉRMINO DE MATERIA
9 (RLIN) 29889
Término de materia o nombre geográfico como elemento inicial procedimiento judicial
653 10 - TÉRMINO DE INDEXACIÓN--NO CONTROLADO
Término no controlado Relaciones laborales-Empleo
773 0# - ENTRADA DE DOCUMENTO FUENTE
Itemnumber del ítem fuente 86032
Lugar, editor y fecha de publicación Las Rozas, Madrid Wolters Kluwer España 2015-
Otro identificador del documento 088930
Título Trabajo y derecho
Número de control del registro relacionado (ES-MaCES)45892
Parte(s) relacionada(s) n. 28 (abr. 2017) {55/1129 R. 088930} ;p. 57-72
902 ## - CES. TIPO DE DOCUMENTO
Tipodoc (006$c Sirtex) ART Artículo de revista
942 ## - ELEMENTOS KOHA
Fuente de clasificaión o esquema Clasificación propia del CES
Koha [por defecto] tipo de item Artículos (1982-2017)
Parte de clasificación Relaciones Laborales y Rel. Lab.- Empleo

No hay ítems disponibles.

© CES, Consejo Económico y Social de España 2021